000 00428nam a2200169Ia 4500
008 230711s9999||||xx |||||||||||||| ||und||
041 _aENG
082 _a720
_bAL-A
100 _aAllinson,Ken
245 2 _aA guide to London's contemporary Architecture
250 _a1st Ed.
260 _c1993
_aNew Delhi
_bButterworth-Heinemann Ltd
300 _a128
650 _aArchitecture
700 _aThornton,Victoria
942 _cBK
999 _c3372
_d3372